000 00326 a2200157 4500
001 171014
020 _a
040 _cMagnum
100 _aCesar e Sezar
240 1 0 _aBiologia - volume unico
_lpor
245 1 0 _aBiologia - volume unico
362 0 _a1899
440 1 _aSaraiva
697 _aPARADIDATICOS
942 _cBK
999 _c171014
_d171014